Algunas noticias acerca de los progresos y estado actual de la legislación civil y penal de Inglaterra : (Record no. 183689)

MARC details
000 -LEADER
campo de control de longitud fija 00880nam a2200205 i 4500
001 - NÚMERO DE CONTROL
campo de control 183689
003 - IDENTIFICADOR DE NÚMERO DE CONTROL
campo de control ES-MaACL
005 - FECHA Y HORA DE LA ÚLTIMA TRANSACCIÓN
campo de control 20230915192757.0
008 - DATOS DE LONGITUD FIJA--INFORMACIÓN GENERAL
campo de control de longitud fija 140924s1867 sp |||| | spa d
080 ## - NÚMERO DE LA CLASIFICACIÓN DECIMAL UNIVERSAL
Número de la Clasificación Decimal Universal 34(410)
100 1# - ENTRADA PRINCIPAL--NOMBRE DE PERSONA
Nombre de persona Cárdenas, Francisco de,
Fechas asociadas al nombre 1816-1898
9 (RLIN) 35138
245 10 - MENCIÓN DEL TÍTULO
Título Algunas noticias acerca de los progresos y estado actual de la legislación civil y penal de Inglaterra :
Resto del título memoria leída en la Academia de Ciencias Morales y Políticas /
Mención de responsabilidad, etc. por... Francisco de Cárdenas en la sesión ordinaria de 14 de mayo de 1867.
260 ## - PUBLICACIÓN, DISTRIBUCIÓN, ETC.
Lugar de publicación, distribución, etc. [Madrid :
Nombre del editor, distribuidor, etc. s.n.,
Fecha de publicación, distribución, etc. 1867?]
300 ## - DESCRIPCIÓN FÍSICA
Extensión P. [27]-43 ;
Dimensiones 24 cm.
594 ## - Nota al título y mención de responsabilidad
Nota al título y mención de responsabilidad Autor y tít. tomados de principio del texto, sin portada.
650 #4 - PUNTO DE ACCESO ADICIONAL DE MATERIA--TÉRMINO DE MATERIA
Término de materia o nombre geográfico como elemento de entrada Derecho-
Subdivisión geográfica Gran Bretaña.
9 (RLIN) 11624
710 2# - ENTRADA AGREGADA--NOMBRE DE ENTIDAD CORPORATIVA
Nombre de entidad corporativa o nombre de jurisdicción como elemento de entrada Real Academia de Ciencias Morales y Políticas (España)
9 (RLIN) 6299
852 4# - LOCALIZACIÓN
Ubicación ES-MaACL
Número de control de estantería T-137-F-9
Holdings
Estatus retirado Estado de pérdida Estado de daño No para préstamo Colección Biblioteca de origen Biblioteca actual Ubicación en estantería Fecha de adquisición Fuente de adquisición Total de préstamos Signatura topográfica completa Código de barras Visto por última vez Precio de reemplazo Tipo de ítem Koha
        Colección de folletos Biblioteca del Ateneo de Madrid Biblioteca del Ateneo de Madrid Depósito folletos 24/09/2014     T-137-F-9 1193114 23/02/2023 23/02/2023 Folleto